Historia del sudoeste bonaerense / hernán a. silva ... [et al.].

Guardado en:
Otros Autores: Weinberg, Félix, dir., Silva, Hernán, A., Güenaga de Silva, Rosario, Pérez Amat, María Emilia, Scheines, Diana, Priegue, Celia N., Zapico, Hilda, Cignetti, Ana M., Cernadas de Bulnes, M., Monacci, Gustavo, Estecondo, Cristina
Formato: Libro
Idioma:Spanish
Publicado: Buenos Aires : Plus Ultra, 1988.
Materias:
Etiquetas: Agregar Etiqueta
Sin Etiquetas, Sea el primero en etiquetar este registro!
LEADER 01152nam a22003735a 4500
001 EHU.bham040086
003 AR-BHAM
005 20090701185848.0
005 19890427142121.9
008 890103s1988####ag#a#####b####000#0#spa#d
010 |a 89100045 
020 |a 9502109406 
082 9 8 |a 982.1 
245 0 0 |a Historia del sudoeste bonaerense /  |b hernán a. silva ... [et al.].  |c Félix Weinberg, Director : 
260 |a Buenos Aires :  |b Plus Ultra,  |c 1988. 
300 |a 328 p. : il. 
653 |a Sudoeste bonaerense 
653 |a Buenos aires-provincia-historia de 
653 |a Bahía blanca-historia de 
653 |a Argentina-prehistoria 
653 |a Bahía blanca-sociología 
700 1 |a Weinberg, Félix, dir. 
700 1 |a Silva, Hernán, A. 
700 1 |a Güenaga de Silva, Rosario 
700 1 |a Pérez Amat, María Emilia 
700 1 |a Scheines, Diana 
700 1 |a Priegue, Celia N. 
700 1 |a Zapico, Hilda 
700 1 |a Cignetti, Ana M. 
700 1 |a Cernadas de Bulnes, M. 
700 1 |a Monacci, Gustavo 
700 1 |a Estecondo, Cristina 
859 |a AR-BHAM  |b BIB. HUMANIDADES - General  |h 982.1  |i W43-2  |p 393.09  |t Ej.1